Top 40 singles of 2012 (UK) - Statistics

General Stats
  • This quiz has been taken 801 times
    254 since last reset
  • The average score is 24 of 40
Answer Stats
Song Artist % Correct
6 Gangnam Style Psy
96%
20 Skyfall Adele
93%
9 Payphone Maroon 5 ft Wiz Khalifa
93%
1 Somebody That I Used To Know Gotye ft Kimbra
91%
11 Diamonds Rihanna
91%
26 We Are Never Ever Getting Back Together Taylor Swift
90%
7 Starships Nicki Minaj
88%
33 Locked Out Of Heaven Bruno Mars
87%
3 We Are Young Fun Ft Janelle Monae
84%
2 Call Me Maybe Carly Rae Jepsen
83%
4 Titanium David Guetta ft Sia
82%
30 Sexy And I Know It LMFAO
82%
21 Hall Of Fame The Script ft Will.i.iam
80%
8 Domino Jessie J
78%
36 Stronger (What Doesnt Kill You) Kelly Clarkson
78%
15 Whistle Flo Rida
77%
5 Impossible James Arthur
67%
29 Troublemaker Olly Murs ft Flo Rida
66%
13 Don't You Worry Child Swedish House Mafia/Martin
65%
22 Candy Robbie Williams
60%
10 Wild Ones Flo Rida ft Sia
59%
23 Drive By Train
55%
12 Beneath Your Beautiful Labrinth ft Emeli Sande
53%
40 Wings Little Mix
51%
17 Mama Do The Hump Rizzle Kicks
51%
25 Princess Of China Coldplay ft Rihanna
50%
32 Where Have You Been Rihanna
47%
24 Hot Right Now DJ Fresh ft Rita Ora
46%
14 Next To Me Emeli Sande
46%
28 R.I.P Rita Ora ft Tinie Tempah
45%
34 Call My Name Cheryl
32%
37 Don't Wake Me Up Chris Brown
30%
18 Too Close Alex Clare
28%
31 In Paris Jay- Z & Kanye West
26%
38 Heatwave Wiley ft Ms D
26%
16 Feel The Love Rudimental ft John Newman
25%
27 Black Heart Stooshe
25%
35 Turn Me On David Guetta Ft Nicki Minaj
24%
39 This Is Love Will.i.am ft Eva Simons
21%
19 Spectrum Florence & The Machine
16%
No matching quizzes found
Score Distribution
Percent of People with Each Score
Percentile by Number Answered
Your Score History
You have not taken this quiz since the last reset